[Event "DEM U12/U12w 2000"]
[Site "Überlingen GER"]
[Date "2000.06.06"]
[Round "5"]
[White "Herkt, Julia"]
[Black "Rathke, Jens"]
[Result "1-0"]
[Termination "normal"]
[Board "23"]
[WhiteElo "1015"]
[BlackElo "1257"]
[PlyCount "59"]
[EventCountry "GER"]
[EventRounds "11"]
[EventType "swiss"]
[EventDate "2000.06.03"]

1. d4 Nf6 2. c4 g6 3. Nc3 Bg7 4. e4 d6 5. Bg5 O-O 6. Nf3 c5 7. d5 Na6 8. Rb1
Nc7 9. Be2 Bd7 10. O-O Rb8 11. a3 b5 12. b3 Ng4 13. Qd2 b4 14. axb4 Rxb4 15. h3
Ne5 16. Bh6 Qb8 17. Bxg7 Kxg7 18. Qb2 f6 19. Qc2 Qb7 20. Rb2 Rb8 21. Rfb1 a5
22. Nxe5 fxe5 23. Nd1 a4 24. bxa4 Bxa4 25. Qxa4 Ra8 26. Rxb4 cxb4 27. Qxb4 Qxb4
28. Rxb4 Ra2 29. Nc3 Kf6 30. Nxa2 1-0

[Event "DEM U12/U12w 2000"]
[Site "Überlingen GER"]
[Date "2000.06.06"]
[Round "5"]
[White "Muelenz, Claudius"]
[Black "Nolting, Christoph"]
[Result "1/2-1/2"]
[Termination "normal"]
[Board "24"]
[WhiteElo "1015"]
[BlackElo "1251"]
[PlyCount "35"]
[EventCountry "GER"]
[EventRounds "11"]
[EventType "swiss"]
[EventDate "2000.06.03"]

1. d4 c5 2. d5 Nf6 3. c4 g6 4. Nc3 Bg7 5. e4 d6 6. Bd3 O-O 7. f3 Nbd7 8. Be3
Nb6 9. Qd2 e6 10. Nge2 exd5 11. exd5 Nbd7 12. O-O-O Ne5 13. b3 Nxd3+ 14. Qxd3
Bf5 15. Qd2 a5 16. g4 Bd7 17. a4 Re8 18. Rde1 1/2-1/2

[Event "DEM U12/U12w 2000"]
[Site "Überlingen GER"]
[Date "2000.06.06"]
[Round "5"]
[White "Christiansen, Claes"]
[Black "Opaska, Ines"]
[Result "1-0"]
[Termination "normal"]
[Board "25"]
[WhiteElo "1248"]
[BlackElo "990"]
[PlyCount "129"]
[EventCountry "GER"]
[EventRounds "11"]
[EventType "swiss"]
[EventDate "2000.06.03"]

1. e4 c6 2. d4 d5 3. Nc3 dxe4 4. Nxe4 Bf5 5. Nc3 Nf6 6. Nf3 Nbd7 7. Bd3 Bxd3 8.
Qxd3 e6 9. O-O Be7 10. Re1 O-O 11. Bg5 Rc8 12. Qe3 Re8 13. Rad1 Qc7 14. Qd2 c5
15. d5 Rcd8 16. d6 Qxd6 17. Qxd6 Bxd6 18. Rxd6 h6 19. Bxf6 Nxf6 20. Red1 Rxd6
21. Rxd6 Kf8 22. Kf1 Ke7 23. Rd3 a6 24. Ke2 g5 25. Na4 c4 26. Re3 Nd5 27. Re4
Nf4+ 28. Kf1 b5 29. Nc5 Ra8 30. Rd4 Nd5 31. g3 Ra7 32. c3 f5 33. Ne5 Kd6 34.
Ncd7 Rxd7 35. Nxd7 Kxd7 36. b3 cxb3 37. axb3 Kc6 38. Rd3 Kc5 39. Ke2 g4 40. f3
h5 41. f4 a5 42. Kd2 a4 43. Kc2 a3 44. b4+ Nxb4+ 45. cxb4+ Kxb4 46. Rd6 Ka4 47.
Rd4+ b4 48. Rc4 Kb5 49. Kb3 a2 50. Rxb4+ Kc5 51. Ra4 Kd5 52. Kxa2 Kd6 53. Ra5
Ke7 54. Kb3 Kf6 55. Kc4 Kg6 56. Kd4 Kf6 57. Ra6 Kf7 58. Ke5 Kg7 59. Rxe6 Kf7
60. Kxf5 h4 61. gxh4 g3 62. hxg3 Kg7 63. Ra6 Kh8 64. Kg6 Kg8 65. Ra8# 1-0

[Event "DEM U12/U12w 2000"]
[Site "Überlingen GER"]
[Date "2000.06.06"]
[Round "5"]
[White "Glowna, Uwe"]
[Black "Bayer, Marius"]
[Result "0-1"]
[Termination "normal"]
[Board "26"]
[WhiteElo "1001"]
[BlackElo "1234"]
[PlyCount "46"]
[EventCountry "GER"]
[EventRounds "11"]
[EventType "swiss"]
[EventDate "2000.06.03"]

1. e4 e6 2. d4 d5 3. e5 c5 4. c3 Nc6 5. Nf3 Qb6 6. b3 cxd4 7. cxd4 Bb4+ 8. Bd2
Bd7 9. Bc3 Rc8 10. Qd2 Nge7 11. Bxb4 Qxb4 12. Qxb4 Nxb4 13. Na3 O-O 14. Be2 Rc7
15. O-O Rfc8 16. Bb5 a6 17. Bxd7 Rxd7 18. Rfd1 Rdc7 19. Ne1 Rc3 20. Nb1 Rc1 21.
Rxc1 Rxc1 22. Kf1 Nc2 23. Ke2 Nxa1 0-1

[Event "DEM U12/U12w 2000"]
[Site "Überlingen GER"]
[Date "2000.06.06"]
[Round "5"]
[White "Colloseus, Christian"]
[Black "Butschek, Tanja"]
[Result "1-0"]
[Termination "normal"]
[Board "27"]
[WhiteElo "1231"]
[BlackElo "932"]
[PlyCount "47"]
[BlackFideId "24604640"]
[EventCountry "GER"]
[EventRounds "11"]
[EventType "swiss"]
[EventDate "2000.06.03"]

1. e4 e5 2. Nf3 Nf6 3. Nc3 Bb4 4. d3 Nc6 5. a3 Ba5 6. b4 Bb6 7. Bg5 Nd4 8. Nd5
Nxf3+ 9. Qxf3 Bxf2+ 10. Ke2 Bd4 11. Nxf6+ gxf6 12. Bxf6 d5 13. Bxd8 Rg8 14. Qf6
Bg4+ 15. Kd2 Rxd8 16. c3 Rd6 17. Qh4 Bb6 18. exd5 Rxd5 19. Qxh7 Rg5 20. Be2
Bxe2 21. Kxe2 Rxg2+ 22. Kf3 Rf2+ 23. Kg3 e4 24. Qxe4+ 1-0

[Event "DEM U12/U12w 2000"]
[Site "Überlingen GER"]
[Date "2000.06.06"]
[Round "5"]
[White "Varbelow, Richard"]
[Black "Becker, Nils"]
[Result "0-1"]
[Termination "normal"]
[Board "28"]
[WhiteElo "968"]
[BlackElo "1178"]
[PlyCount "112"]
[BlackFideId "4695216"]
[EventCountry "GER"]
[EventRounds "11"]
[EventType "swiss"]
[EventDate "2000.06.03"]

1. e4 c5 2. Bc4 Nc6 3. Nc3 g6 4. b3 Bg7 5. Bb2 d6 6. Nf3 Nf6 7. Ng5 O-O 8. O-O
h6 9. Nxf7 Rxf7 10. Bxf7+ Kxf7 11. d3 Kg8 12. Qd2 Nd4 13. Ne2 Nxe4 14. dxe4
Nxe2+ 15. Qxe2 Bxb2 16. Rad1 Bg7 17. f4 e6 18. c4 Bd4+ 19. Kh1 Bd7 20. Qg4 Kg7
21. f5 exf5 22. exf5 Qf6 23. Qf3 Bc6 24. Qg4 Qg5 25. f6+ Kf7 26. Qxg5 hxg5 27.
Rd2 Re8 28. h3 Re6 29. Kh2 Rxf6 30. Rxf6+ Kxf6 31. Rd1 a6 32. Rf1+ Kg7 33. Re1
Be5+ 34. Kh1 b5 35. Rc1 bxc4 36. bxc4 Be4 37. a4 Bd3 38. Kg1 Kf7 39. Kf2 Ke7
40. Kf3 Bb2 41. Re1+ Kd7 42. Re2 Bxe2+ 43. Kxe2 Kc6 44. Kd3 d5 45. Kc2 Bf6 46.
Kd3 Kd6 47. g3 dxc4+ 48. Kxc4 Bd4 49. a5 Ke5 50. Kd3 Kd5 51. Ke2 Kc4 52. Kd2
Kb3 53. Kc1 Kc3 54. h4 gxh4 55. gxh4 c4 56. Kb1 Kd2 0-1

[Event "DEM U12/U12w 2000"]
[Site "Überlingen GER"]
[Date "2000.06.06"]
[Round "5"]
[White "Müller, Christian"]
[Black "Krenz, Sarah"]
[Result "1/2-1/2"]
[Termination "normal"]
[Board "29"]
[WhiteElo "914"]
[BlackElo "1122"]
[PlyCount "81"]
[EventCountry "GER"]
[EventRounds "11"]
[EventType "swiss"]
[EventDate "2000.06.03"]

1. d4 Nf6 2. c4 g6 3. Bg5 Bg7 4. e3 O-O 5. Nf3 d6 6. Be2 h6 7. Bh4 Nbd7 8. Nc3
c5 9. O-O cxd4 10. Nxd4 Nc5 11. Nb3 Nfe4 12. Nxe4 Nxe4 13. Qc2 Nf6 14. Rad1 Bf5
15. Bd3 Bxd3 16. Qxd3 g5 17. Bg3 Nh5 18. Rd2 Nxg3 19. hxg3 Rc8 20. Nd4 Bxd4 21.
Qxd4 b6 22. Rfd1 Qc7 23. b3 Qc5 24. Qxc5 Rxc5 25. Rd5 Rfc8 26. f4 Rxd5 27. Rxd5
Rc5 28. Rxc5 dxc5 29. Kf1 Kg7 30. Kf2 Kf6 31. Kf3 Kf5 32. g4+ Kf6 33. Ke4 Ke6
34. fxg5 hxg5 35. a3 a6 36. a4 a5 37. g3 f6 38. Kd3 f5 39. e4 fxg4 40. Ke3 Ke5
41. Kd3 1/2-1/2

[Event "DEM U12/U12w 2000"]
[Site "Überlingen GER"]
[Date "2000.06.06"]
[Round "5"]
[White "Ritscher, Martin"]
[Black "Backes, Marco"]
[Result "1-0"]
[Termination "normal"]
[Board "30"]
[WhiteElo "1098"]
[BlackElo "842"]
[PlyCount "101"]
[EventCountry "GER"]
[EventRounds "11"]
[EventType "swiss"]
[EventDate "2000.06.03"]

1. e4 e5 2. Nf3 Nc6 3. d4 exd4 4. c3 dxc3 5. Nxc3 d6 6. Bc4 Bg4 7. Bxf7+ Kxf7
8. Ng5+ Ke8 9. Qxg4 Ne5 10. Qe2 Be7 11. Nf3 Nxf3+ 12. Qxf3 Nf6 13. O-O Qd7 14.
Bf4 h6 15. Qg3 Nh5 16. Qg6+ Kd8 17. Qxh5 g5 18. Be3 c6 19. Bd4 Qe8 20. Qh3 Rh7
21. e5 c5 22. Be3 dxe5 23. Rfd1+ Kc7 24. Qf5 Rf7 25. Qxe5+ Kc8 26. Nd5 Qd7 27.
Nb6+ axb6 28. Rxd7 Kxd7 29. Qd5+ Ke8 30. Qxb7 Rd8 31. Qxb6 Bd6 32. Qc6+ Rfd7
33. Re1 Be7 34. Bxc5 Kf8 35. g3 Bxc5 36. Qxc5+ Rd6 37. Re6 Kf7 38. Rxd6 Rxd6
39. Qxd6 g4 40. Qxh6 Ke7 41. Qg6 Kd7 42. Qf6 Kc7 43. Qe6 Kb7 44. Qd6 Ka7 45.
Qc6 Kb8 46. Qd7 Ka8 47. Kf1 Kb8 48. a4 Ka8 49. a5 Kb8 50. a6 Ka8 51. Qb7# 1-0

[Event "DEM U12/U12w 2000"]
[Site "Überlingen GER"]
[Date "2000.06.06"]
[Round "5"]
[White "Janiesch, Maike"]
[Black "Becker, Erik"]
[Result "0-1"]
[Termination "normal"]
[Board "32"]
[WhiteElo "465"]
[BlackElo "1068"]
[PlyCount "112"]
[BlackFideId "4696921"]
[EventCountry "GER"]
[EventRounds "11"]
[EventType "swiss"]
[EventDate "2000.06.03"]

1. e4 e5 2. Nf3 Nc6 3. Bc4 Nf6 4. Nc3 Nxe4 5. Qe2 Nxc3 6. bxc3 d6 7. h3 Be7 8.
d4 d5 9. Bb5 e4 10. Ne5 Bd7 11. Nxc6 Bxc6 12. Bf4 O-O 13. Bxc6 bxc6 14. Qg4 f5
15. Qe2 Bd6 16. Be5 Bxe5 17. dxe5 Qe7 18. f4 exf3 19. gxf3 f4 20. Kd2 Rfd8 21.
Rad1 Qe6 22. Kc1 Re8 23. Rde1 Rad8 24. Qg2 d4 25. Rhg1 g6 26. Qf2 dxc3 27. Qc5
Qxa2 28. Qxc3 Qd5 29. Rd1 Qe6 30. Rge1 Rxd1+ 31. Kxd1 Qd5+ 32. Qd3 Qxd3+ 33.
cxd3 c5 34. Re4 g5 35. Ke2 Kg7 36. e6 Kf6 37. d4 cxd4 38. Rxd4 Rxe6+ 39. Kf2 a5
40. Rd5 c6 41. Rc5 Rd6 42. Rxa5 Rd7 43. Ra6 Rc7 44. Ke2 Ke5 45. Kd3 Kd5 46. Ra4
c5 47. Rc4 Rb7 48. Rc1 Rb3+ 49. Kd2 Rxf3 50. Rg1 Rxh3 51. Rxg5+ Kd4 52. Rg4
Rh2+ 53. Ke1 Ke3 54. Rg1 Ra2 55. Kf1 f3 56. Rg3 Ra1# 0-1

[Event "DEM U12/U12w 2000"]
[Site "Überlingen GER"]
[Date "2000.06.06"]
[Round "5"]
[White "Garzinsky, Dominik"]
[Black "Biller, Eugen"]
[Result "0-1"]
[Termination "normal"]
[Board "34"]
[WhiteElo "648"]
[BlackElo "1273"]
[PlyCount "60"]
[EventCountry "GER"]
[EventRounds "11"]
[EventType "swiss"]
[EventDate "2000.06.03"]

1. e4 d5 2. exd5 Qxd5 3. Nc3 Qa5 4. d3 c6 5. g3 Nf6 6. Bg2 Bf5 7. Nf3 e6 8. O-O
Bd6 9. Bd2 Qc7 10. Bg5 Nbd7 11. Nd4 Bg6 12. Re1 O-O 13. Qc1 Qb6 14. Nf3 Nd5 15.
Be3 Nxe3 16. fxe3 Nf6 17. Kh1 Nd5 18. Nxd5 cxd5 19. b3 Rac8 20. Qd2 Bb4 21. Qd1
Bxe1 22. Nxe1 Qxe3 23. c4 Rfd8 24. cxd5 exd5 25. d4 Be4 26. a4 Bxg2+ 27. Nxg2
Qe4 28. Qd2 Rc2 29. Re1 Rxd2 30. Rxe4 dxe4 0-1

[Event "DEM U12/U12w 2000"]
[Site "Überlingen GER"]
[Date "2000.06.06"]
[Round "5"]
[White "Andok, Claus Michael"]
[Black "Hammerich, Nadine"]
[Result "1-0"]
[Termination "normal"]
[Board "35"]
[WhiteElo "1217"]
[BlackElo "675"]
[PlyCount "115"]
[WhiteFideId "24602000"]
[EventCountry "GER"]
[EventRounds "11"]
[EventType "swiss"]
[EventDate "2000.06.03"]

1. d4 d5 2. c4 e6 3. cxd5 exd5 4. Nc3 Nf6 5. Bg5 Bb4 6. Qa4+ Nc6 7. e3 Bf5 8.
Bb5 Bxc3+ 9. bxc3 Bd7 10. Nf3 a6 11. Bxf6 Qxf6 12. O-O O-O 13. Bd3 Bg4 14. Nd2
Qg5 15. Kh1 Ne7 16. Qc2 Nf5 17. e4 dxe4 18. Nxe4 Qh4 19. Ng3 Nxg3+ 20. fxg3 Qh6
21. Rae1 Rae8 22. Rxe8 Rxe8 23. Bc4 Be6 24. Re1 Qf6 25. Qe2 h6 26. Rf1 Qd8 27.
Re1 Qd6 28. d5 Bd7 29. Qd2 Rxe1+ 30. Qxe1 c6 31. Qd2 Qf6 32. d6 Be6 33. Bd3 Bf5
34. Bxf5 Qxf5 35. h3 Qd7 36. c4 c5 37. Qd5 b6 38. a4 Kh7 39. g4 Kg6 40. Qf5+
Qxf5 41. gxf5+ Kf6 42. Kg1 g6 43. g4 gxf5 44. gxf5 h5 45. Kf2 Kxf5 46. d7 Kg5
47. d8=Q+ Kg6 48. Qxb6+ Kg7 49. Kg3 f6 50. Kf4 Kg6 51. Qxc5 h4 52. Qf5+ Kg7 53.
c5 Kg8 54. c6 Kf8 55. c7 Ke8 56. c8=Q+ Kf7 57. Qc7+ Kf8 58. Qfc8# 1-0

[Event "DEM U12/U12w 2000"]
[Site "Überlingen GER"]
[Date "2000.06.06"]
[Round "5"]
[White "Roj, Michaela"]
[Black "Stemmler, Lysan"]
[Result "0-1"]
[Termination "normal"]
[Board "36"]
[WhiteElo "1028"]
[BlackElo "447"]
[PlyCount "106"]
[BlackFideId "24622451"]
[EventCountry "GER"]
[EventRounds "11"]
[EventType "swiss"]
[EventDate "2000.06.03"]

1. e4 d6 2. Nc3 Nf6 3. Bc4 g6 4. Nf3 Bg7 5. O-O e5 6. d3 Nc6 7. Bg5 h6 8. Be3
Bd7 9. d4 exd4 10. Bxd4 O-O 11. Be3 Re8 12. Qd2 Ng4 13. Bf4 g5 14. Bg3 Nf6 15.
Rae1 Na5 16. b3 Nxc4 17. bxc4 Be6 18. Qd3 Nd7 19. Nb5 Nc5 20. Qd2 Bxc4 21. Nc3
Bxf1 22. Rxf1 Nxe4 23. Nxe4 Rxe4 24. Rb1 b6 25. Qd3 Re6 26. h4 Qf6 27. Qd5 Ree8
28. hxg5 hxg5 29. Nxg5 Bh6 30. Ne4 Qe6 31. Qxe6 Rxe6 32. f3 d5 33. Nc3 c6 34.
Rd1 b5 35. a4 a6 36. Rd4 Bg7 37. Rg4 Rg6 38. Rxg6 fxg6 39. Na2 Re8 40. Kh1 Re2
41. Kh2 Bf8 42. Kh3 Rxc2 43. Nb4 Bxb4 44. Kh4 Rxg2 45. Kh3 Re2 46. Kh4 d4 47.
Kh3 d3 48. Kh4 d2 49. Kh3 d1=Q 50. Kg4 Qd4+ 51. Kh3 Qh8+ 52. Bh4 Be1 53. Kg4
Qxh4# 0-1

[Event "DEM U12/U12w 2000"]
[Site "Überlingen GER"]
[Date "2000.06.06"]
[Round "5"]
[White "Kubernath, Max"]
[Black "Tischer, Jana"]
[Result "1/2-1/2"]
[Termination "normal"]
[Board "37"]
[WhiteElo "572"]
[BlackElo "749"]
[PlyCount "89"]
[BlackFideId "24617164"]
[EventCountry "GER"]
[EventRounds "11"]
[EventType "swiss"]
[EventDate "2000.06.03"]

1. d4 d5 2. Nc3 Nf6 3. Nf3 Bg4 4. Bf4 Nc6 5. e3 e6 6. Be2 Bb4 7. h3 Bh5 8. O-O
O-O 9. Bg5 Be7 10. Re1 Nd7 11. Bf4 Re8 12. e4 Nb6 13. e5 Bg6 14. a3 Nc4 15.
Bxc4 dxc4 16. d5 exd5 17. Qxd5 Qxd5 18. Nxd5 Rac8 19. c3 Bc5 20. Rad1 Ne7 21.
Nxe7+ Rxe7 22. Bg5 Ree8 23. Rd5 Bb6 24. Nd2 f6 25. Be3 Bf7 26. Rb5 fxe5 27.
Bxb6 cxb6 28. Rbxe5 Rxe5 29. Rxe5 Rd8 30. Nf3 a6 31. Re7 Bd5 32. Nd4 b5 33. f4
Rf8 34. Rd7 Be4 35. g3 h6 36. Re7 Bd5 37. Kf2 b6 38. Rd7 Be4 39. Rd6 Rb8 40. f5
a5 41. Nxb5 Bxf5 42. g4 Bd3 43. h4 Rf8+ 44. Ke3 Re8+ 45. Kf4 1/2-1/2

[Event "DEM U12/U12w 2000"]
[Site "Überlingen GER"]
[Date "2000.06.06"]
[Round "5"]
[White "Bräutigam, Thorben"]
[Black "Gossmann, Anna Maria"]
[Result "0-1"]
[Termination "normal"]
[Board "38"]
[WhiteElo "1123"]
[BlackElo "820"]
[PlyCount "58"]
[EventCountry "GER"]
[EventRounds "11"]
[EventType "swiss"]
[EventDate "2000.06.03"]

1. f4 d5 2. Nf3 Nf6 3. g3 Nc6 4. Bg2 Bg4 5. O-O e6 6. Re1 Bc5+ 7. Kh1 O-O 8. d3
Qe7 9. e4 dxe4 10. dxe4 Rad8 11. Qe2 Nd4 12. Qf2 Nxf3 13. Qf1 Nxe1 14. Nd2 Nxc2
15. Rb1 Ne3 16. Qe1 Nxg2 17. Kxg2 Bb4 18. a3 Bxd2 19. Bxd2 Rd3 20. e5 Ne4 21.
Bb4 c5 22. Qxe4 Bf3+ 23. Qxf3 Rxf3 24. Kxf3 cxb4 25. axb4 Qxb4 26. Rd1 Qb3+ 27.
Ke2 Qxb2+ 28. Kf1 Qxh2 29. Rd3 f6 0-1

[Event "DEM U12/U12w 2000"]
[Site "Überlingen GER"]
[Date "2000.06.06"]
[Round "5"]
[White "Kesten, Sebastian"]
[Black "Riedel, Kristina"]
[Result "0-1"]
[Termination "normal"]
[Board "39"]
[WhiteElo "1047"]
[BlackElo "765"]
[PlyCount "82"]
[WhiteFideId "24616214"]
[BlackFideId "24659282"]
[EventCountry "GER"]
[EventRounds "11"]
[EventType "swiss"]
[EventDate "2000.06.03"]

1. d4 d5 2. c4 Nf6 3. Nc3 Nc6 4. Bg5 e6 5. e3 h6 6. Bh4 g5 7. Bg3 Bg7 8. Nf3
Bd7 9. Bd3 Qe7 10. Ne5 Nxe5 11. Bxe5 O-O-O 12. cxd5 exd5 13. Nxd5 Nxd5 14. Bxg7
Rhg8 15. Be5 f6 16. Bg3 Qb4+ 17. Qd2 Qxd2+ 18. Kxd2 h5 19. h4 gxh4 20. Rxh4 Rh8
21. Rc1 f5 22. e4 fxe4 23. Bxe4 Bc6 24. Bxd5 Rxd5 25. Rh2 Rxd4+ 26. Kc3 Rhd8
27. Rxh5 Bxg2 28. Rh7 Rd3+ 29. Kc2 Rxg3 30. Kb1 Be4+ 31. Ka1 Bxh7 32. fxg3 Rg8
33. Rc3 Kd7 34. b3 c6 35. Kb2 Kd6 36. Rf3 b5 37. Rf7 Be4 38. Rxa7 Rxg3 39. Ka3
c5 40. Ra5 b4+ 41. Ka4 Bc6+ 0-1

[Event "DEM U12/U12w 2000"]
[Site "Überlingen GER"]
[Date "2000.06.06"]
[Round "5"]
[White "Großmann, Susan"]
[Black "Mayer, Carina"]
[Result "1-0"]
[Termination "normal"]
[Board "40"]
[WhiteElo "1022"]
[BlackElo "401"]
[PlyCount "91"]
[WhiteFideId "24608220"]
[EventCountry "GER"]
[EventRounds "11"]
[EventType "swiss"]
[EventDate "2000.06.03"]

1. e4 e5 2. Nf3 Nc6 3. Bc4 Bc5 4. c3 d6 5. d4 exd4 6. cxd4 Bb4+ 7. Bd2 Bxd2+ 8.
Nbxd2 Nf6 9. O-O Qe7 10. Re1 O-O 11. h3 h6 12. a3 a6 13. Qc2 b5 14. Bd3 Bd7 15.
d5 Ne5 16. Nxe5 Qxe5 17. Nf3 Qe7 18. Qxc7 Rfc8 19. Qa5 Nh5 20. e5 dxe5 21. Rxe5
Qf6 22. Rxh5 Qd6 23. Re5 Rc5 24. Qd2 f6 25. Re3 Rxd5 26. a4 b4 27. Bc4 Kf8 28.
Qxd5 Qxd5 29. Bxd5 Rc8 30. Rd1 Bxa4 31. b3 Bb5 32. Bc4 Bxc4 33. bxc4 Rxc4 34.
Ra1 Rc6 35. Kf1 Rb6 36. Ke2 b3 37. Kd2 b2 38. Rb1 Rd6+ 39. Kc2 Rb6 40. Rxb2
Rc6+ 41. Rc3 Re6 42. Rc7 Kg8 43. Rbb7 Re2+ 44. Kd3 Re8 45. Rxg7+ Kf8 46. Rbf7#
1-0

[Event "DEM U12/U12w 2000"]
[Site "Überlingen GER"]
[Date "2000.06.06"]
[Round "5"]
[White "Scholz, Katharina"]
[Black "Stelter, Christoph"]
[Result "0-1"]
[Termination "normal"]
[Board "41"]
[WhiteElo "750"]
[BlackElo "959"]
[PlyCount "124"]
[EventCountry "GER"]
[EventRounds "11"]
[EventType "swiss"]
[EventDate "2000.06.03"]

1. d4 d6 2. c4 g6 3. Nf3 Bg7 4. e3 Nf6 5. Nc3 O-O 6. Be2 Nbd7 7. O-O e5 8. dxe5
dxe5 9. Qc2 b6 10. Rd1 Bb7 11. Nxe5 Qe7 12. Nf3 Nc5 13. Bd2 Rad8 14. a3 Rd7 15.
Nd4 Rfd8 16. Bf3 Nfe4 17. Bxe4 Nxe4 18. Nxe4 Bxe4 19. Qb3 c5 20. Bc3 cxd4 21.
exd4 Bxd4 22. Bxd4 Rxd4 23. Rxd4 Rxd4 24. f3 Qc5 25. Kh1 Bd3 26. h3 Qxc4 27.
Qxc4 Rxc4 28. Rd1 Rd4 29. Kg1 Rd7 30. Kf2 Bf5 31. Rxd7 Bxd7 32. Ke3 b5 33. Ke4
a5 34. Ke5 a4 35. Kd6 Be8 36. Ke7 Bc6 37. Kd6 Bb7 38. Kc7 Bd5 39. h4 Kg7 40.
Kd6 Bc4 41. Ke5 f6+ 42. Ke4 Kf7 43. g3 Ke6 44. f4 f5+ 45. Ke3 Kd5 46. Kf3 h5
47. Ke3 Kc5 48. Kd2 Kd4 49. Kc2 Ke3 50. Kd1 Kf3 51. Ke1 Kxg3 52. Kd2 Kxf4 53.
Ke1 Kg4 54. Kf2 Kxh4 55. Kf3 Kh3 56. Kf4 Kg2 57. Kg5 Kg3 58. Kxg6 f4 59. Kxh5
f3 60. Kg5 f2 61. Kf5 f1=Q+ 62. Ke5 Qf4# 0-1

[Event "DEM U12/U12w 2000"]
[Site "Überlingen GER"]
[Date "2000.06.06"]
[Round "5"]
[White "Mader, Michael"]
[Black "Tovmasian, Nelli"]
[Result "0-1"]
[Termination "normal"]
[Board "42"]
[WhiteElo "949"]
[BlackElo "702"]
[PlyCount "62"]
[WhiteFideId "4696913"]
[BlackFideId "24611735"]
[EventCountry "GER"]
[EventRounds "11"]
[EventType "swiss"]
[EventDate "2000.06.03"]

1. e4 e5 2. Nf3 Nc6 3. Bb5 a6 4. Ba4 Nf6 5. O-O b5 6. Bb3 Bc5 7. c3 d6 8. d4
exd4 9. cxd4 Bb6 10. Bg5 Bg4 11. h3 Bxf3 12. Qxf3 Nxd4 13. Qc3 Ne2+ 14. Kh1
Nxc3 15. Nxc3 h6 16. Bxf6 Qxf6 17. Nd5 Qxb2 18. f4 O-O 19. Rab1 Qd4 20. f5 Qxe4
21. Rfe1 Qd4 22. Red1 Qf2 23. Rf1 Qd2 24. Rbd1 Qa5 25. Ne7+ Kh7 26. Nc6 Qa3 27.
Bd5 Rae8 28. Rde1 Qc5 29. Bxf7 Rxe1 30. Bg6+ Kh8 31. Rxe1 Qxc6 0-1

[Event "DEM U12/U12w 2000"]
[Site "Überlingen GER"]
[Date "2000.06.06"]
[Round "5"]
[White "Kessler, Paul"]
[Black "Reichel, Matti"]
[Result "1-0"]
[Termination "normal"]
[Board "43"]
[WhiteElo "654"]
[BlackElo "921"]
[PlyCount "75"]
[EventCountry "GER"]
[EventRounds "11"]
[EventType "swiss"]
[EventDate "2000.06.03"]

1. e4 c5 2. Nf3 g6 3. d4 cxd4 4. Nxd4 Bg7 5. Nc3 d6 6. Be3 Nf6 7. Qd2 Ng4 8.
Bg5 h6 9. Bh4 O-O 10. O-O-O Nc6 11. Nxc6 bxc6 12. f3 Ne5 13. f4 Nd7 14. Be2 Nc5
15. e5 d5 16. Bf2 Nb7 17. h3 e6 18. g4 Na5 19. h4 Bb7 20. g5 h5 21. Bc5 Re8 22.
Bb4 Bf8 23. Bxf8 Rxf8 24. Rhe1 c5 25. Bf3 Qb6 26. Be2 c4 27. Na4 Qb5 28. Nc3
Qd7 29. Ne4 Qc7 30. Nf6+ Kg7 31. Kb1 Ba6 32. Rc1 Rfb8 33. b3 Rb6 34. Ka1 Rab8
35. Qxa5 cxb3 36. cxb3 Qb7 37. Bxa6 Rxa6 38. Qc3 1-0

[Event "DEM U12/U12w 2000"]
[Site "Überlingen GER"]
[Date "2000.06.06"]
[Round "5"]
[White "Rath, Alina"]
[Black "Dietzen, Corinna"]
[Result "1-0"]
[Termination "normal"]
[Board "44"]
[WhiteElo "912"]
[BlackElo "385"]
[PlyCount "105"]
[WhiteFideId "24607886"]
[BlackFideId "24621021"]
[EventCountry "GER"]
[EventRounds "11"]
[EventType "swiss"]
[EventDate "2000.06.03"]

1. c4 e5 2. d3 Bb4+ 3. Bd2 Nc6 4. a3 Bc5 5. g3 h6 6. Bg2 Nf6 7. b4 Bd4 8. Bc3
Ng4 9. Bxd4 exd4 10. Nf3 d6 11. b5 Nce5 12. Nxd4 Qf6 13. O-O O-O 14. Nd2 c5 15.
bxc6 bxc6 16. Nxc6 Nxc6 17. Bxc6 Rb8 18. Bg2 Bb7 19. Nf3 Qg6 20. h3 Ne5 21.
Nxe5 dxe5 22. Bxb7 Rxb7 23. Rb1 Rd7 24. Qa4 Rfd8 25. Rfd1 Qh5 26. Re1 Qxh3 27.
c5 Rd4 28. Qxa7 Re8 29. Rb8 Rxb8 30. Qxb8+ Kh7 31. Qxe5 Rg4 32. Qf5+ Kg8 33.
Qf3 h5 34. Qg2 Qxg2+ 35. Kxg2 h4 36. c6 Rg6 37. Rc1 Rxc6 38. Rxc6 hxg3 39. fxg3
f5 40. Kf3 Kf7 41. Kf4 g6 42. a4 Ke7 43. Rxg6 Kd7 44. Kxf5 Kc7 45. Ke5 Kb7 46.
Kd5 Ka7 47. Kc5 Kb7 48. a5 Ka7 49. Kb5 Kb7 50. Rg7+ Kc8 51. a6 Kd8 52. a7 Ke8
53. a8=Q# 1-0

[Event "DEM U12/U12w 2000"]
[Site "Überlingen GER"]
[Date "2000.06.06"]
[Round "5"]
[White "Weber, Julia"]
[Black "Donners, Ricardo"]
[Result "0-1"]
[Termination "normal"]
[Board "45"]
[WhiteElo "452"]
[BlackElo "884"]
[PlyCount "64"]
[EventCountry "GER"]
[EventRounds "11"]
[EventType "swiss"]
[EventDate "2000.06.03"]

1. e4 d5 2. e5 e6 3. Nf3 Nc6 4. Bb5 Bd7 5. O-O Qe7 6. d3 O-O-O 7. Bxc6 Bxc6 8.
Be3 f6 9. Bxa7 b6 10. Nd4 Qd7 11. Qd2 Kb7 12. exf6 Nxf6 13. Bxb6 cxb6 14. Qe3
Bb5 15. Nc3 Ng4 16. Qf4 h5 17. Nce2 e5 18. Qf3 exd4 19. h3 Nf6 20. Ng3 h4 21.
Nf5 Rg8 22. Nxh4 Re8 23. a3 Bd6 24. Nf5 Be5 25. g4 Rh8 26. g5 Nh5 27. Rac1 Ref8
28. Qg4 Qxf5 29. Qxf5 Rxf5 30. g6 Rg5+ 31. Kh1 Nf4 32. Kh2 Rxh3# 0-1

[Event "DEM U12/U12w 2000"]
[Site "Überlingen GER"]
[Date "2000.06.06"]
[Round "5"]
[White "Klink, Otto"]
[Black "Bodenschatz, Monique"]
[Result "1-0"]
[Termination "normal"]
[Board "46"]
[WhiteElo "882"]
[BlackElo "350"]
[PlyCount "111"]
[EventCountry "GER"]
[EventRounds "11"]
[EventType "swiss"]
[EventDate "2000.06.03"]

1. e4 e5 2. Nf3 Nc6 3. Bc4 Nd4 4. Nxe5 Qg5 5. Bxf7+ Kd8 6. Ng4 d6 7. Ne3 Qf4 8.
Bxg8 Rxg8 9. Nc3 Qg5 10. Ne2 c5 11. Ng3 g6 12. d3 h5 13. Nef5 Qf6 14. h4 Ne6
15. Ne3 Nf4 16. Qf3 Bh6 17. Ne2 Be6 18. g3 Bg4 19. Nxg4 hxg4 20. Qxg4 Ng2+ 21.
Kd1 Bxc1 22. Kxc1 Qxf2 23. Qg5+ Kc7 24. Kd2 c4 25. Rh2 Rae8 26. Rg1 Re5 27.
Rhxg2 Qb6 28. Qf6 Qb4+ 29. Nc3 Ree8 30. Kc1 Ref8 31. Qxf8 Rxf8 32. Nd5+ Kc6 33.
Nxb4+ Kb5 34. Nd5 cxd3 35. cxd3 Rc8+ 36. Kd2 Rc5 37. Rc1 Rxc1 38. Kxc1 a5 39.
Rc2 a4 40. Rc4 Ka5 41. Rb4 b5 42. g4 Ka6 43. Nc3 d5 44. Nxb5 Ka5 45. a3 d4 46.
Nxd4 g5 47. hxg5 Ka6 48. Rb5 Ka7 49. Kc2 Ka6 50. Kc3 Ka7 51. Kc4 Ka6 52. Kc5
Ka7 53. Rb6 Ka8 54. Kc6 Ka7 55. Kc7 Ka8 56. Ra6# 1-0